Ciele udržateľného rozvoja na Slovensku
Globálna rozvojová agenda po roku 2000 na pôde Organizácie spojených národov. Vývoj rozvojovej agendy a porovnanie Miléniových rozvojových cieľov s Agendou 2030, resp. s Cieľmi udržateľného rozvoja. Aktuálny stav implementácie Agendy 2030 v Slovenskej republike.
Saved in:
| Main Author: | |
|---|---|
| Format: | Book Chapter |
| Language: | Slovak |
| Subjects: | |
| Tags: |
No Tags, Be the first to tag this record!
|
MARC
| LEADER | 00000nla a2200000 4500 | ||
|---|---|---|---|
| 001 | 0241146 | ||
| 005 | 20240502073926.0 | ||
| 041 | 0 | |a slo | |
| 044 | |a SK | ||
| 245 | 1 | 0 | |a Ciele udržateľného rozvoja na Slovensku |c Natália Hlavová |
| 520 | |a Globálna rozvojová agenda po roku 2000 na pôde Organizácie spojených národov. Vývoj rozvojovej agendy a porovnanie Miléniových rozvojových cieľov s Agendou 2030, resp. s Cieľmi udržateľného rozvoja. Aktuálny stav implementácie Agendy 2030 v Slovenskej republike. | ||
| 610 | 2 | 0 | |a projekty medzinárodné |
| 610 | 2 | 0 | |a rozvoj trvalo udržateľný |
| 610 | 2 | 0 | |a Organizácia spojených národov |
| 610 | 2 | 0 | |a Slovensko |
| 610 | 2 | 0 | |a rast hospodársky |
| 610 | 2 | 0 | |a rozvoj hospodársky |
| 610 | 2 | 0 | |a politika rozvojová |
| 100 | 1 | |a Hlavová, Natália, 1991- | |